000 00916nam a2200253Ia 4500
003 OSt
005 20220923224647.0
006 a|||||r|||| 00| 0
007 ta
008 220922b |||||||| |||| 00| 0 hin d
024 _a248,612
037 _cTextual
040 _aARTS
_cARTS
_bhin
041 _2hin
_ahin
082 _aO152jN09, M2
100 _aसिंह, शंकर दयाल, संपा.
_9160191
245 0 _aफादर कामिल बुल्के
_b एक संत साहित्यकार की याद
246 _aFādar kāmil bulke: ek santa sāhityakār kī yāda
260 _aपटना
_b मुक्तकंठ
_c1982
300 _a64पृ.
_ccm.
650 _aहिन्दी साहित्य
_9156264
942 _hO152jN09, M2
_cTEXL
_2CC
999 _c372780
_d372780